[Event "Schaffhausen op"]
[Site "Schaffhausen"]
[Date "2022.03.19"]
[Round "2"]
[White "Mazzoni, Renzo"]
[Black "Wuest, Andreas"]
[Result "1/2-1/2"]
[WhiteElo "1434"]
[BlackElo "1679"]
[PlyCount "39"]
[EventDate "2022.03.18"]
[EventType "swiss"]
[EventRounds "5"]
[EventCountry "SUI"]
[SourceTitle "CBM 207 Extra"]
[Source "ChessBase"]
[SourceDate "2022.05.31"]
[SourceVersion "1"]
[SourceVersionDate "2022.05.31"]
[SourceQuality "1"]

1. e4 e5 2. Nf3 Nf6 3. Nxe5 d6 4. Nf3 Nxe4 5. d4 d5 6. Bd3 Bg4 7. Nbd2 f5 8. h3 Bh5 9. 0-0 Nd7 10. Re1 Be7 11. a3 0-0 12. c4 c6 13. Be2 Bf6 14. cxd5 cxd5 15. Qb3 Nb6 16. Ne5 Bxe2 17. Rxe2 Rc8 18. Nxe4 fxe4 19. Rxe4 Kh8 20. Re2 1/2-1/2

[Event "Celerina op 12th"]
[Site "Celerina"]
[Date "2018.05.20"]
[Round "3"]
[White "Wittenbrock, Frank"]
[Black "Wuest, Andreas"]
[Result "1-0"]
[WhiteElo "2002"]
[BlackElo "1736"]
[PlyCount "56"]
[EventDate "2018.05.19"]
[EventType "swiss"]
[EventRounds "5"]
[EventCountry "SUI"]
[SourceTitle "CBM 184 Extra"]
[Source "ChessBase"]
[SourceDate "2018.06.28"]
[SourceVersion "1"]
[SourceVersionDate "2018.06.28"]
[SourceQuality "1"]

1. c4 c5 2. Nc3 Nc6 3. Nf3 g6 4. d4 cxd4 5. Nxd4 Bg7 6. Nc2 d6 7. g3 Nf6 8. Bg2 0-0 9. 0-0 Bg4 10. Ne3 Qd7 11. Bd2 Bh3 12. Rc1 Rac8 13. b3 Bxg2 14. Kxg2 Ng4 15. h3 Nxe3+ 16. Bxe3 Rfd8 17. Kh2 b6 18. Qd3 Nb4 19. Qb1 Bxc3 20. Rxc3 Nd5 21. Rd3 Nxe3 22. Rxe3 Rc5 23. Qe4 Re5 24. Qf3 Rxe3 25. Qxe3 Rc8 26. Rd1 Rc5 27. Rd4 Re5 28. g4 Rc5 1-0

[Event "Celerina op 12th"]
[Site "Celerina"]
[Date "2018.05.19"]
[Round "1"]
[White "Lipecki, Alexander"]
[Black "Wuest, Andreas"]
[Result "1-0"]
[WhiteElo "2065"]
[BlackElo "1736"]
[PlyCount "48"]
[EventDate "2018.05.19"]
[EventType "swiss"]
[EventRounds "5"]
[EventCountry "SUI"]
[SourceTitle "CBM 184 Extra"]
[Source "ChessBase"]
[SourceDate "2018.06.28"]
[SourceVersion "1"]
[SourceVersionDate "2018.06.28"]
[SourceQuality "1"]

1. d4 d5 2. Nf3 Nf6 3. c4 e6 4. g3 Be7 5. Bg2 0-0 6. 0-0 c5 7. cxd5 Nxd5 8. Nc3 cxd4 9. Nxd5 Qxd5 10. Qxd4 Qxd4 11. Nxd4 Rd8 12. Be3 a5 13. Rac1 Ra6 14. Rxc8 Rxc8 15. Bxb7 Rc7 16. Bxa6 Nxa6 17. Rc1 Bc5 18. Bf4 Rc8 19. Nb3 a4 20. Nxc5 Rxc5 21. Rxc5 Nxc5 22. Bd6 Na6 23. b4 axb3 24. axb3 Nc7 1-0

[Event "Zuerich op-B 38th"]
[Site "Zuerich"]
[Date "2014.12.26"]
[Round "1"]
[White "Trippold, Denise"]
[Black "Wuest, Andreas"]
[Result "1-0"]
[WhiteElo "1842"]
[BlackElo "1795"]
[PlyCount "69"]
[EventDate "2014.12.26"]
[EventType "swiss"]
[EventRounds "7"]
[EventCountry "SUI"]
[SourceTitle "CBM 164 Extra"]
[Source "ChessBase"]
[SourceDate "2015.03.02"]
[SourceVersion "1"]
[SourceVersionDate "2015.03.02"]
[SourceQuality "1"]

1. d4 d5 2. c4 c6 3. Nf3 Nf6 4. e3 g6 5. Nc3 Bg7 6. cxd5 cxd5 7. Bb5+ Bd7 8. Qb3 Bxb5 9. Qxb5+ Qd7 10. Ne5 Qxb5 11. Nxb5 Na6 12. b3 Nd7 13. Nd3 Kd8 14. Ba3 Nc7 15. Bxe7+ Kxe7 16. Nxc7 Rac8 17. Nxd5+ Kd6 18. N5f4 Rc2 19. Nb4 Rcc8 20. Kd2 Nf6 21. f3 Bh6 22. Nbd3 Rhe8 23. Rac1 Rxc1 24. Rxc1 g5 25. Ne2 Nd5 26. Ne5 Re7 27. Ng3 Ke6 28. Ng4 Bf8 29. e4 Nf4 30. d5+ Nxd5 31. exd5+ Kxd5 32. Ne4 h6 33. Rc5+ Kd4 34. Ngf6 Rxe4 35. Rc4+ 1-0